LEADER 00891nam1 2200217 i 450 001 VAN00109113 005 20240806100738.885 100 $a20170511g2015 |0itac50 ba 101 $aeng 102 $aCH 105 $a|||| ||||| 200 1 $aMolecular Modeling and Multiscaling Issues for Electronic Material Applications 210 $aCham$cSpringer 215 $avolumi$d24 cm 463 1$1001VAN00109114$12001 $aˆ<<‰Molecular Modeling and Multiscaling Issues for Electronic Material Applications>>$eVolume 2$fArtur Wymys?owski ... [et al.] Editors$1210 $aCham$cSpringer$d2015$1215 $aX, 194 p.$cill.$d24 cm$v2 620 $aCH$dCham$3VANL001889 712 $aSpringer $3VANV108073$4650 801 $aIT$bSOL$c20240906$gRICA 912 $aVAN00109113 996 $aMolecular Modeling and Multiscaling Issues for Electronic Material Applications$91465423 997 $aUNICAMPANIA